Britannica student encyclopedia/ Vol.4
محفوظ في:
| التنسيق: | كتاب |
|---|---|
| اللغة: | Undetermined |
| منشور في: |
Chicago
Britannica Encyclopedia
2007
|
| الموضوعات: | |
| الوسوم: |
إضافة وسم
لا توجد وسوم, كن أول من يضع وسما على هذه التسجيلة!
|
| Thư viện lưu trữ: | Trung tâm Học liệu Trường Đại học Cần Thơ |
|---|
| LEADER | 00520nam a2200181Ia 4500 | ||
|---|---|---|---|
| 001 | CTU_128738 | ||
| 008 | 210402s9999 xx 000 0 und d | ||
| 020 | |c 500000 | ||
| 082 | |a 032 | ||
| 082 | |b B862/Vol.4 | ||
| 245 | 0 | |a Britannica student encyclopedia/ Vol.4 | |
| 260 | |a Chicago | ||
| 260 | |b Britannica Encyclopedia | ||
| 260 | |c 2007 | ||
| 650 | |a encyclopedias and dictionaries,english language | ||
| 650 | |x juvenile,encyclopedias | ||
| 904 | |i Năm | ||
| 980 | |a Trung tâm Học liệu Trường Đại học Cần Thơ | ||